000 00950nam a2200241 i 4500
001 33614
003 ES-MaACL
005 20260323115406.0
007 t|
008 030202s1919 fr |||| | fre d
100 1 _aBlanche, Jacques-Emile.
_929149
245 1 0 _aPropos de peintre :
_bde David a Degas /
_cJacques-Emile, Blanche ; préface par Marcel Proust.
260 _aParis :
_bÉmile-Paul Frères,
_c1919 (
_fImp. Chaix)
300 _a1 v. (XXXV, 308 p.) ;
_c19 cm.
505 8 _aContiene: 1re série. Ingres, David, Manet, Degas, Renoir, Cézanne, Whistler, Fantin-Latour, Ricard, Conder, Beardsley, etc.
530 _aDisponible en formato digital.
650 4 _aPintores-
_yS.XIX.
_9143842
700 1 _aProust, Marcel,
_d1871-1922
_994056
852 4 _aES-MaACL
_jF-13405
_cSPP2
856 _uhttps://catalogo.bne.es/permalink/34BNE_INST/95vni4/alma991027787539708606
_yEn linea
942 _2udc
999 _c33614
_d33614